De la conquista a la globalización: estados, naciones y nacionalismos en América Latina

Uloženo v:
Podrobná bibliografie
Hlavní autor: González Manrique, Luis Esteban (Autor)
Médium: Kniha
Jazyk:španělština
Vydáno: Madrid Biblioteca Nueva 2006
Madrid Estudios de Política Exterior 2006
Témata:
Tagy: Přidat tag
Žádné tagy, Buďte první, kdo vytvoří štítek k tomuto záznamu!

MARC

LEADER 00000cam a2200000 a 4500
001 UCG4002
003 CL-VaPUC
008 101004e20060000SP |||||||||||||||||spa|d
020 |a 8497425650 
082 0 4 |a 980  |b GON  |2 21 
100 0 |a González Manrique, Luis Esteban  |e author  |9 553291 
245 1 0 |a De la conquista a la globalización: estados, naciones y nacionalismos en América Latina 
300 |a 525 p 
942 |c BK 
945 |d 20101004 00:00:00  |a mfarfan 
260 |a Madrid  |b Biblioteca Nueva  |c 2006 
260 |a Madrid  |b Estudios de Política Exterior  |c 2006 
650 7 |a NACIONALISMO  |2 CL-VaPUC  |9 553292 
650 0 |a Historia  |9 255047 
650 0 |a Política y gobierno  |9 255151 
651 0 |a América Latina   |9 255027 
583 |a last modification  |c 20130430 05:44:35  |k Rodrigo Vera 
999 |c 342911  |d 342909 
952 |0 0  |1 0  |4 0  |6 980_000000000000000_GON_2006_2006  |7 0  |8 A  |9 439607  |a BIBHIS  |b BIBHIS  |d 2019-11-22  |i 4722434  |o 980 GON 2006 2006  |p 4722434  |r 2025-01-20  |w 2019-11-22  |y BK  |k HIS 
952 |0 0  |1 0  |4 0  |6 980_000000000000000_GON_2006_2006  |7 0  |8 A  |9 439608  |a BIBHIS  |b BIBHIS  |d 2019-11-22  |i 4969669  |o 980 GON 2006 2006  |p 4969669  |r 2025-01-20  |w 2019-11-22  |y BK  |k HIS